000 00528nam a2200181Ia 4500
005 20250508150352.0
008 008 250505s9999 xx 000 0 eng d
037 _aTextual
040 _aFEDL
_beng
_cFEDL
041 _aeng
_2eng
084 _a371.402, HIN
_qFEDL
245 0 _aBasic national education
260 _aWardha, India
_bHindustani Talimi Sangh
_c1974
300 _a88p.
650 _aEducational - Guidance and Counseling
_9756302
942 _cTEXL
_h371.402, HIN
999 _c1323221
_d1323221